Top 100 Cat Names - Statistics

General Stats
  • This quiz has been taken 1,028 times
    993 since last reset
  • The average score is 23 of 100
Answer Stats
Name % Correct
7 Kitty
59%
1 Bella
54%
83 Fluffy
51%
12 Tiger
51%
6 Molly
49%
11 Lily
48%
16 Lucy
48%
35 Max
48%
13 Charlie
44%
19 Luna
44%
74 Daisy
43%
15 Jack
43%
4 Oliver
42%
3 Chloe
39%
75 Felix
38%
39 Garfield
38%
26 Princess
38%
67 Lola
35%
27 Zoe
35%
47 George
34%
85 Ginger
34%
22 Baby
33%
54 Sammy
33%
73 Blackie
32%
42 Milo
30%
5 Shadow
30%
18 Simba
30%
32 Sophie
30%
29 Mittens
29%
25 Oscar
29%
2 Tigger
29%
80 Boo
28%
33 Coco
28%
9 Angel
25%
41 Lucky
25%
57 Socks
25%
68 Maggie
24%
36 Missie
24%
79 Belle
23%
37 Buddy
23%
60 Jake
23%
20 Midnight
23%
70 Minnie
23%
62 Sadie
23%
8 Smokey
23%
34 Bailey
22%
43 Misty
22%
30 Nala
22%
17 Oreo
22%
100 Cleo
21%
10 Jasper
21%
52 Boots
20%
65 Gracie
20%
24 Toby
20%
99 Blue
19%
84 Frankie
19%
86 Jasmine
19%
44 Pepper
19%
49 Simon
17%
31 Rocky
16%
45 Sasha
16%
90 Sweetie
16%
66 Lilly
15%
61 Phoebe
15%
38 Callie
14%
93 Izzy
14%
48 Patches
14%
81 Chester
13%
91 Cupcake
13%
23 Harley
13%
40 Kiki
13%
69 Marley
13%
87 Mimi
13%
53 Pumpkin
13%
96 Zeus
13%
64 Casper
12%
21 Peanut
12%
72 Romeo
12%
59 Fiona
11%
14 Gizmo
11%
28 Loki
11%
76 Muffin
11%
95 Sugar
11%
82 Dexter
10%
88 Rusty
10%
51 Bandit
9%
58 Cali
9%
77 Murphy
9%
71 Precious
9%
55 Sassy
9%
46 Sebastian
9%
50 Tucker
9%
97 Ziggy
9%
92 Dusty
8%
98 Zoey
8%
94 Panda
7%
63 Sox
7%
78 Batman
6%
56 Snickers
5%
89 Scooter
4%
No matching quizzes found
Score Distribution
Percent of People with Each Score
Percentile by Number Answered
Your Score History
You have not taken this quiz since the last reset